000 00671nam a2200265 a 4500
003 AR-BaBNM
005 20251128203016.0
008 082120s2002 ||||||||||||||000 | spa||
020 _a84-321-1935-0
040 _cAR-BaBNM
100 1 _aGuitton, Jean
245 0 0 _aHistoria y destino
260 _aMadrid
_bRialp
_c1977
300 _a293 p.
490 0 _aNaturaleza e Historia
_v38 v.
650 4 _aHISTORIOGRAFIA
650 4 _aANALISIS HISTORICO
650 4 _aHISTORIA
650 4 _aMETODO HISTORICO
650 4 _aESCRITURA HISTORICA
650 4 _aFILOSOFIA DE LA HISTORIA
700 1 _aIllanes, José L.
_eprologuista
942 _cBK
998 _cmariana
999 _c1490
_d1490